000 01001nas a2200337 4500
001 BR0704018
003 BR-BrBNA
005 20231205111105.0
007 ta
008 230509b bl.|||p| |||| 00| 00por d
040 _aBR-BrBNA
_bpor
_cBiblioteca Nacional de Agricultura
041 _a(Pt)
072 _aH10
100 1 _aFerreira, E.
100 1 _aKluthcouski, J.
100 1 _aSilveira, P.M. da
100 1 _aSantos, A.B. dos
245 1 _aEfeitos de práticas culturais e de inseticidas sobre pragas do arroz de sequeiro
650 _aARROZ SEQUEIRO
650 _aPLANTIO DIRETO
650 _aPRÁTICA CULTURAL
650 _aCONTROLE QUÍMICO
650 _aCUPIM
650 _aBROCA DO COLMO
650 _aJUSSARA
650 _aGOIÁS
650 _aSANTO ANTÔNIO DE GOIÁS
773 0 _tAnais da Sociedade Entomológica do Brasil (Brazil)
_xISSN 0301-8059
_g(Apr 1996), v.25(1) p.131-135
_wBR0704018
909 _a202311
_bLúcia
_c55
_dLúcia Elande
942 _2AGRIS
_n0
_cANA
999 _c190591
_d190591